000 00704nam a2200205Ia 4500
003 GCL
008 140319s9999 xx 000 0 ara d
020 _a?905810977
040 _aGCL /
_cGCL
082 0 4 _a809.04
_bس ن
100 1 _aجابر عصفور
245 1 0 _aالنظرية الادبية المعاصرة /
_cجابر عصفور
700 1 _aسلدان، رامان
260 _aالقاهرة :
_bدار قباء للطباعة والنشر والتوزيع ،
_c1998
300 _a219 ص ؛
_c24 سم
650 0 4 _aالادب - تاريخ ونقد
650 0 4 _aالادب - نظريات
650 0 4 _aالادب - تاريخ ونقد - العصر الحديث
942 _2ddc
_cBK
999 _c40611
_d40611